000
00316 a2200133 4500
005
20250628095331.0
020
_a
0-17-640633-6
082
_a
658 HAR
100
_a
HARRISON, K.
245
_a
The Future of Business.
260
_a
New York,
_b
Thomson Nelson,
_c
2005.
300
_a
iv, 314p.:
_c
28cm
942
_2
ddc
_c
BKS
999
_c
5936
_d
5936